000 00307nam a22001337a 4500
008 171024b xxu||||| |||| 00| 0 eng d
020 _a9780534569259
041 _aeng
080 _a311
100 _a55
101 _aSTA
245 _aSTATISTICS FOR THE BEHAVIORAL SCIENCES
_cJACCARD,J
942 _2udc
_cBK
999 _c35724
_d35724